| 000 | 00640nam a2200217Ia 4500 | ||
|---|---|---|---|
| 005 | 20231030133003.0 | ||
| 008 | 131103s9999 xx 000 0 und d | ||
| 020 | _a071008398x | ||
| 040 | _aLoreto College | ||
| 041 | _aEnglish | ||
| 082 |
_a294.503 _bHIN |
||
| 100 | _aMaragaret | ||
| 245 | 2 |
_aA Dictionary of hinduism _b its mythologyfolklore and development 1500 B. C. - A.D. 1500 _cMaragaret and James Stutley |
|
| 260 |
_aNew Delhi _bHeritage Publishers _c1986 |
||
| 300 |
_axvii,372p. _b maps. |
||
| 504 | _aIncludes bibliography | ||
| 650 | _aReligion - hindu | ||
| 700 | _aStutley, James | ||
| 850 | _aLCLIB | ||
| 942 | _cBK | ||
| 999 |
_c23532 _d74011 |
||